| 000 | 01525cam a2200349 i 4500 | ||
|---|---|---|---|
| 999 |
_c6068 _d6068 |
||
| 001 | 18497918 | ||
| 003 | OSt | ||
| 005 | 20260204111704.0 | ||
| 008 | 150219s2015 nyua b 001 0 eng | ||
| 010 | _a 2015005765 | ||
| 020 |
_a9780393083590 _qhardcover |
||
| 035 | _a18497918 | ||
| 040 |
_aDLC _beng _cDLC _erda _dDLC _dKH8 |
||
| 042 | _apcc | ||
| 082 | 0 | 0 |
_a621.381 PRE _223 |
| 100 | 1 |
_aPrelinger, Megan Shaw, _eauthor. |
|
| 245 | 1 | 0 |
_aInside the machine : _bart and invention in the electronic age / _cMegan Prelinger. |
| 250 | _aFirst edition. | ||
| 264 | 1 |
_aNew York ; _aLondon : _bW. W. Norton & Company, _c[2015] |
|
| 300 |
_a269 pages : _billustrations (chiefly color) ; _c26 cm |
||
| 336 |
_atext _2rdacontent |
||
| 337 |
_aunmediated _2rdamedia |
||
| 338 |
_avolume _2rdacarrier |
||
| 504 | _aIncludes bibliographical references and index. | ||
| 505 | 0 | _aThe atom, the planet, and the tube -- Tubes that see : cathode-ray tubes -- Cold rock, warm life : crystals -- Transistors and circuit symbols -- Circuit boards and the matrix -- Automatic and digital : the emergence of computing -- Visible language -- The furthest horizon : space electronics -- Bionics, a prologue to transhumanism. | |
| 650 | 0 |
_aElectronic apparatus and appliances _vPictorial works. |
|
| 650 | 0 |
_aElectronics _vPopular works. |
|
| 650 | 0 |
_aIndustrial design _vPopular works. |
|
| 650 | 0 | _aPhotography, Artistic. | |
| 655 | 7 |
_aIllustrated works. _2lcgft _0https://id.loc.gov/authorities/genreForms/gf2014026111 |
|
| 942 |
_2ddc _cNFIC |
||